00866nam a2200229 a 450000100100000000500170001000800410002702000150006804000250008308200170010824501020012526000440022730000280027150400510029965000330035065000280038365000310041170000470044204900090048995201210049899900170061900002428220260202091015.0110125s1991 pn a r 000 0 spa d a0944499961 aDO-SdBNPbspacBNPHU a158.2bA654t00aAprenda las técnicas para conquistar /cDirección general, María Eloísa Alvarez del Real. aPanamá :bEditorial América,c1991. a288 p. :bil. ;c21 cm. aIncluye referencias bibliográficas (287-288) 0aPsicología aplicada 91579 0aRelaciones humanas9606 0aPsicología social 915741 aAlvarez Del Real, María Eloísa.942868 aBNGR 001054708MOaGRbGRcCTd2011-01-25iLF1l0o158.2 A654tp24282-10r2020-06-25w2020-06-25y4ZPréstamo en sala c23776d23776